Normal view
MARC view
Entry Personal Name
001 - CONTROL NUMBER
- control field: 160361
003 - CONTROL NUMBER IDENTIFIER
- control field: OSt
005 - DATE AND TIME OF LATEST TRANSACTION
- control field: 20220923211406.0
008 - FIXED-LENGTH DATA ELEMENTS
- fixed length control field: 220923|| aca||aabn | a|a d
040 ## - CATALOGING SOURCE
- Original cataloging agency: OSt
- Transcribing agency: OSt
100 ## - HEADING--PERSONAL NAME
- Personal name: यादव, राजेन्द्र; बलवन्त कौर, संपा
670 ## - SOURCE DATA FOUND
- Source citation: Work cat.: (OSt)299024: यादव, राजेन्द्र; बलवन्त कौर, संपा., काश, मैं राष्ट्रद्रोही होता, 2007
